000 00574nam a22001817a 4500
999 _c183759
_d183759
005 20220104120055.0
010 _aENG-130895
020 _a978-93-90961-08-5
_c695.00
035 _aEN-114427
037 _bDBAD
082 _a307.10954
100 _aSingh, Sahana
245 _aRevisiting The Educational Heritage Of India
_cSAHANA SINGH
260 _aNew Delhi
_bRenu Kaul Verma
_c2022
270 _bNew Delhi
_e110002
_a2/15, Ansari Road, Daryaganj
_minfo@vitastapublishing.com
300 _axxiii, 282p
_c22cm(hbk)
942 _2ddc
_cEN
_h307.10954
_mSAH